000 00608cam a2200205ua 4500
001 11943
008 191203n ii |||gr||||Z||||||eng
020 _a9789382420262
040 _cMAIN
082 _a363.70071054
100 _aGoutam Chakraborty . ,
_eAuthor.
245 _aEnvironmental education :
_bachievements in psycho-social factors /
_cBy Goutam Chakraborty .
250 _a1st ed.
260 _aDelhi:
_bKunal Books,
_c2013.
300 _a185p.
653 _aOther social problems & services
700 _aShyam Sundar Bairagya,
_eAuthor.
700 _aJayanta Mete,
_eAuthor.
942 _cBK
999 _c10730
_d10730